Oponibilidad del boleto de compraventa de inmuebles en el concurso o quiebra (Registro nro. 21217)

Detalles MARC
000 -LEADER
fixed length control field 00370 a2200109 4500
001 - CONTROL NUMBER
control field ART_45654
005 - DATE AND TIME OF LATEST TRANSACTION
control field 20260410161808.0
008 - FIXED-LENGTH DATA ELEMENTS--GENERAL INFORMATION
fixed length control field 260409a
100 1# - MAIN ENTRY--PERSONAL NAME
Personal name Arduino, Augusto H.L.
245 10 - TITLE STATEMENT
Title Oponibilidad del boleto de compraventa de inmuebles en el concurso o quiebra
773 0# - HOST ITEM ENTRY
Title Doctrina Societaria y Concursal
Related parts - Nº 363 (feb. 2018)
Record control number REV4298

No hay ítems disponibles.